Quizzes
Events
Quiz Creation
Community
Videos
Private Events
Remove Ads
Sign In
Join for FREE
Feedback
Dark Mode
Quiz Categories
Sports
Geography
Music
Movies
Television
Just For Fun
Miscellaneous
History
Literature
Language
Science
Gaming
Entertainment
Religion
Holiday
For Kids
Quiz Lab
Recent
Popular Today
Quiz Kudos Today
Editor Picks
Curator Picks
Quizzes by...
Day
Popularity
Type
Ratings
Length
Year
Community
Subscriptions
Recent Discussions
Orange Saloon
Badges
Playlists
Quests
Create
Leaderboards
Showdown
Live 5
Trivia Bingo
Activity
Puzzle Library
Sporcle Events
Private Events
Virtual Trivia
Globe League
Become a Host
Pub Owners
SporcleCon
Opinionation
Our Games
Videos
Blog
Mobile Apps
Partnerships
Remove Ads and Go Orange
Feedback
Sports
Athletes
MLB
NBA
NHL
NFL
Soccer
Sports Teams
WWE
NCAA
Football
Premier League
Basketball
Baseball
Hockey
Golf
Tennis
Cricket
Rugby
Auto Racing
Olympics
World Cup
Sports
Athletes
MLB
NBA
NHL
NFL
Soccer
Sports Teams
WWE
NCAA
Football
Premier League
Basketball
Baseball
Hockey
Golf
Tennis
Cricket
Rugby
Auto Racing
Olympics
World Cup
Random Quiz
Search Sporcle
×
Quiz Lab
Quiz Lab
Sports
Starter
Type in answers that appear in a list
Type in answers that appear in a list
Classic
Best Score? Go Orange.
Cincinnati Reds Starting Pitchers 1980-2019 Stats
Can you name the Cincinnati Reds starting rotations from 1980-2019?
By
tk925
16m
203 Questions
2,861 Plays
2,861 Plays
2,861 Plays
Comments
Comments
Give Quiz Kudos
Give Quiz Kudos
-
- Ratings
hide this ad
More Info
Replay
Link that replays current quiz
Next Quiz
Link to next quiz in quiz playlist
You Got
0%
They Got
Avg Score
47%
Avg Friend Score
Upgrade to see
Score Distribution
Jump to the score distribution portion of the page
Score
0/203
Timer
16:00
0
Plays Today
Year
Pitcher
% Correct
2012
Johnny Cueto
94.2%
2014
Johnny Cueto
93.9%
2015
Johnny Cueto
93.7%
2008
Johnny Cueto
92%
2009
Johnny Cueto
92%
1988
Jose Rijo
90%
1989
Jose Rijo
90%
1990
Jose Rijo
90%
1991
Jose Rijo
90%
1992
Jose Rijo
90%
1993
Jose Rijo
90%
1994
Jose Rijo
90%
1995
Jose Rijo
90%
2006
Bronson Arroyo
89.8%
2007
Bronson Arroyo
89.8%
2008
Bronson Arroyo
89.8%
2009
Bronson Arroyo
89.8%
2012
Bronson Arroyo
88.8%
2013
Bronson Arroyo
88.3%
2003
Aaron Harang
88%
2004
Aaron Harang
88%
2005
Aaron Harang
88%
2006
Aaron Harang
88%
2007
Aaron Harang
88%
2008
Aaron Harang
88%
2009
Aaron Harang
88%
1985
Tom Browning
85.5%
1986
Tom Browning
85.5%
1987
Tom Browning
85.5%
1988
Tom Browning
85.5%
1989
Tom Browning
85.5%
1990
Tom Browning
85.5%
1991
Tom Browning
85.5%
1992
Tom Browning
85.5%
1993
Tom Browning
85.5%
2010
Johnny Cueto
84.3%
2012
Homer Bailey
83.9%
2013
Homer Bailey
83.6%
2019
Luis Castillo
82.9%
2014
Homer Bailey
82.9%
2017
Homer Bailey
82.4%
2010
Bronson Arroyo
81%
2018
Luis Castillo
80.8%
2008
Edinson Volquez
80.7%
2009
Homer Bailey
79.9%
2010
Aaron Harang
78.9%
2011
Johnny Cueto
77.8%
2019
Sonny Gray
77.1%
1988
Danny Jackson
76%
1989
Danny Jackson
76%
1990
Danny Jackson
76%
1980
Tom Seaver
74.9%
1981
Tom Seaver
74.9%
1982
Tom Seaver
74.9%
2017
Luis Castillo
74.6%
2010
Homer Bailey
74.4%
2011
Bronson Arroyo
74.1%
2012
Mat Latos
73.5%
2012
Mike Leake
73.5%
1981
Mario Soto
73.5%
1982
Mario Soto
73.5%
1983
Mario Soto
73.5%
1984
Mario Soto
73.5%
1985
Mario Soto
73.5%
1986
Mario Soto
73.5%
1988
Mario Soto
73.5%
2013
Mike Leake
72.5%
2013
Mat Latos
72.4%
Year
Pitcher
% Correct
2014
Mike Leake
71.4%
2014
Mat Latos
70.9%
2015
Mike Leake
69.9%
2011
Homer Bailey
69.1%
2019
Tyler Mahle
68%
2003
Paul Wilson
67.6%
2004
Paul Wilson
67.6%
2018
Tyler Mahle
66.6%
2011
Edinson Volquez
66.6%
2010
Mike Leake
66.3%
1998
Pete Harnisch
64.6%
1999
Pete Harnisch
64.6%
2000
Pete Harnisch
64.6%
2011
Mike Leake
61.1%
2018
Anthony DeSclafani
61%
2019
Anthony DeSclafani
60.8%
1993
John Smiley
59.8%
1994
John Smiley
59.8%
1995
John Smiley
59.8%
1996
John Smiley
59.8%
1997
John Smiley
59.8%
2016
Anthony DeSclafani
58.1%
1990
Jack Armstrong
57.6%
1991
Jack Armstrong
57.6%
2015
Anthony deSclafani
57%
1994
Pete Schourek
56.1%
1995
Pete Schourek
56.1%
2003
Danny Graves
51.9%
1990
Norm Charlton
51.2%
2015
Raisel Iglesias
50.9%
2017
Scott Feldman
49.9%
2005
Eric Milton
47.2%
2006
Eric Milton
47.2%
1997
Brett Tomko
47.1%
1998
Brett Tomko
47.1%
1999
Brett Tomko
47.1%
2014
Alfredo Simon
45.4%
2002
Jimmy Haynes
45.1%
2003
Jimmy Haynes
45.1%
2002
Joey Hamilton
44.6%
2001
Lance Davis
43.1%
1987
Ron Robinson
42.6%
1988
Ron Robinson
42.6%
2016
Brandon Finnegan
42.4%
1999
Denny Neagle
41.4%
2000
Denny Neagle
41.4%
2013
Tony Cingrani
40.2%
2016
Dan Straily
40%
1980
Frank Pastore
39.1%
1981
Frank Pastore
39.1%
1982
Frank Pastore
39.1%
1983
Frank Pastore
39.1%
1984
Frank Pastore
39.1%
2015
Michael Lorenzen
37.5%
2004
Cory Lidle
37.5%
1996
Dave Burba
37.4%
1997
Dave Burba
37.4%
1987
Ted Power
37.3%
1989
Rick Mahler
36.8%
1990
Rick Mahler
36.8%
2001
Elmer Dessens
36.4%
2002
Elmer Dessens
36.4%
1986
Bill Gullickson
35.9%
1987
Bill Gullickson
35.9%
2019
Tanner Roark
35.2%
1989
Scott Scudder
34.6%
1991
Scott Scudder
34.6%
1992
Tim Belcher
34.6%
Year
Pitcher
% Correct
1993
Tim Belcher
34.6%
1981
Bruce Berenyi
34.4%
1982
Bruce Berenyi
34.4%
1983
Bruce Berenyi
34.4%
2001
Osvaldo Fernandez
34.1%
1980
Mike LaCoss
32.8%
1981
Mike LaCoss
32.8%
1998
Steve Parris
32.3%
1999
Steve Parris
32.3%
2000
Steve Parris
32.3%
2018
Sal Romano
32.3%
1995
Mark Portugal
31.9%
1996
Mark Portugal
31.9%
2007
Kyle Lohse
31.5%
2017
Sal Romano
31.3%
2018
Matt Harvey
31.2%
1983
Joe Price
30.4%
1984
Joe Price
30.4%
1980
Charlie Leibrandt
30%
1999
Steve Avery
29.7%
2006
Elizardo Ramirez
29.6%
1992
Greg Swindell
29.2%
1998
Mike Remlinger
29.2%
1997
Mike Morgan
28%
2002
Ryan Dempster
27.9%
2003
Ryan Dempster
27.9%
2016
John Lamb
27.5%
1999
Ron Villone
27.2%
2000
Ron Villone
27.2%
1997
Kent Mercker
27.1%
1986
John Denny
26.6%
2017
Tim Adleman
26.5%
2005
Ramon Ortiz
26.1%
1991
Chris Hammond
26%
1992
Chris Hammond
26%
2004
Brandon Claussen
25.7%
2005
Brandon Claussen
25.7%
2006
Brandon Claussen
25.7%
2016
Tim Adleman
25.6%
2000
Rob Bell
25.5%
1993
Tim Pugh
24.6%
1995
Tim Pugh
24.6%
1984
Jay Tibbs
23.2%
1985
Jay Tibbs
23.2%
2001
Jose Acevedo
21.5%
2004
Jose Acevedo
21.5%
1980
Paul Moskau
21.3%
1994
Erik Hanson
20.9%
2001
Chris Reitsma
20.9%
2002
Chris Reitsma
20.9%
1986
Chris Welsh
20.8%
1984
Jeff Russell
20.7%
2009
Micah Owings
20.4%
2005
Luke Hudson
19.7%
2008
Josh Fogg
19.7%
1983
Charlie Puleo
19.6%
1994
John Roper
19.1%
2007
Matt Belisle
18.6%
1985
John Stuper
18.2%
1985
Andy McGaffigan
16.2%
1987
Guy Hoffman
15.2%
1982
Bob Shirley
14.9%
1996
Kevin Jarvis
12%
1998
Scott Winchester
11.9%
1996
Roger Salkeld
11.5%
2007
Bobby Livingston
11.4%
2003
John Bale
9.6%
Quiz Playlist
Details
Report
Send in Message
Add To Playlist
More Info:
The Extra column reflects games/games started, W-L record, and ERA. Pitchers are top 5 in GS.
Classic:
Type in answers that appear in a list
Quiz Source
Last Updated: Mar 22, 2021
Quiz Scoreboard
CHALLENGE
Sign Up to Join the Scoreboard
Show All
Scores
Hide
Comments
May contain spoilers
Recently Published
TV Characters by Other Roles V
by ghcgh
Television
5m
Decade Duel: World Leaders
by jenniferyan
History
4m
Alphabetical 'K' Countries by Flag Minefield
by ylime102
Geography
3m
More to Explore
Quiz From the Vault
Featured Blog Post
15 Basketball Trivia Facts You Can Be March Mad About
hide this ad
You Might Also Like...
Tags
1980s
cincinnati
Cincinnati Reds
Era
Pitchers
Red
rotation
Starter
Starting
Starting Pitchers
Starting Rotation
W-l
Today's Top Quizzes in Sports
Browse Sports
hide this ad
Today's Top Quizzes in Starter
Browse Starter
Top Contributed Quizzes in Sports
1
Les joueurs à 100 buts en Ligue 1 Uber Eats
2
2022 World Cup Stars
3
Pick 6: NFL Teams
4
MLB 2 truths and a lie: Hall of Fame pitchers
5
Pick 6: Minor League Baseball
6
Millionaire: NBA Finals Edition
7
Pick 6: Olympics
8
50+ Goals in European Competition
9
Click the 1998 NBA Draft
10
Iconic Moments in Football - Multiple Choice
Explore More
Trending Topics
Harry Potter
Marvel
NBA
Kpop
Anime
Disney
Crossword
The Office
Country
Pokémon
NFL
Soccer
Song
Puzzle
WWE
hide this ad
More By:
tk925
Quiz
Plays
Rating
Category
Featured
Created
Opening Day Lineups: Phillies
130,307
4.45
Sports
Sep 28, 2009
Opening Day Lineups: Blue Jays
94,209
4.47
Sports
Mar 25, 2010
Opening Day Lineups: Reds
87,007
4.35
Sports
Sep 28, 2009
'This' and 'That'
82,938
4.05
Entertainment
Jan 30, 2010
MLB Most HR by Position '90s-'10s
71,949
4.68
Sports
Sep 15, 2011
Go to Creator's Profile
Score Distribution
Quiz Creator Spotlight
tk925
Follow
Send a Message
Quizzes Created
-
Created Quiz Play Count
-
More By This Creator
Popular Quizzes Today
1
Countries of Asia Without Outlines Minefield
2
Find the US States - No Outlines Minefield
3
Pick 6: Fruits
4
The Countries of the World
5
Find the Countries of Europe - No Outlines Minefield
6
Alphabetical 'K' Countries by Flag Minefield
7
US States
8
Find the US States
More Sports Quizzes
Letter 'F' Hall of Famers
Curator's Pick
Trending Quizzes
Pick 6: Mountains
Pick 6: Harry Potter
Pick 6: Flags
Pick 6: NFL Teams
C Names for Actors
Recently Updated
Adaptations: Name the Title
pecheneg
NWSL Teams
pecheneg
Women's Final Four Teams by Year
bhenderson79
Presidents Quartet II
eogle
Anything But Clue(do)
eogle
Anything But Oceanian Capitals
eogle
Anything But 7
eogle
Anything But Thing
eogle
Word Ladder: February 29
pecheneg
Song Title Questions
pecheneg
Trending Topics
Marvel
Kpop
Crossword
Anime
Disney
Harry Potter
NBA
Country
Pokémon
Puzzle
Song
NFL
WWE
The Office
Soccer
Your Account Isn't Verified!
In order to create a playlist on Sporcle, you need to verify the email address you used during registration. Go to your
Sporcle Settings
to finish the process.
Report this User
Report this user for behavior that violates our
Community Guidelines
.
Details:
Send Report
Go to the Sporcle.com Mobile Site →
Comments